Cuadernos/ (Record no. 3818)

MARC details
000 -LEADER
campo de control de longitud fija 01721nam a22003017a 4500
003 - IDENTIFICADOR DE NÚMERO DE CONTROL
campo de control OSt
005 - FECHA Y HORA DE LA ÚLTIMA TRANSACCIÓN
campo de control 20230608094017.0
008 - DATOS DE LONGITUD FIJA--INFORMACIÓN GENERAL
campo de control de longitud fija 221006b |||||||| |||| 00| 0 eng d
040 ## - FUENTE DE CATALOGACIÓN
Centro/agencia transcriptor Biblioteca Lado V
082 ## - NÚMERO DE LA CLASIFICACIÓN DECIMAL DEWEY
Número de clasificación 700
Número de ítem S232c
100 ## - ENTRADA PRINCIPAL--NOMBRE DE PERSONA
9 (RLIN) 847
Nombre de persona Santamaria-Delgado, Carolina
Término indicativo de función/relación Editor
245 ## - MENCIÓN DEL TÍTULO
Título Cuadernos/
Resto del título de música, artes visuales y artes escénicas/
260 ## - PUBLICACIÓN, DISTRIBUCIÓN, ETC.
Lugar de publicación, distribución, etc. Universidad Javeriana
Fecha de publicación, distribución, etc. 2015
Nombre del editor, distribuidor, etc. Colombia
-- Bogota
300 ## - DESCRIPCIÓN FÍSICA
Dimensiones 22x28cm
Extensión 245p.
366 ## - INFORMACIÓN SOBRE DISPONIBILIDAD COMERCIAL
Nota spa
490 ## - MENCIÓN DE SERIE
Mención de serie 1
Designación de volumen o secuencia 10
Número Internacional Normalizado para Publicaciones Seriadas 1794-6670
505 ## - NOTA DE CONTENIDO CON FORMATO
Título EDITORIAL
Nota de contenido con formato Una Mirada sobre el giro corporal en Colombia<br/><br/>
505 ## - NOTA DE CONTENIDO CON FORMATO
Título Dossier
Nota de contenido con formato Conocimiento Danzario<br/><br/>La pornificacion de la mirada<br/><br/>Nuevas pedagogias del cuerpo para la transformación de las subjetividades subordinadas<br/><br/>Memorias, Violencias, cotidianidades y reconfiguraciones temporales en cuerpos femeninos<br/><br/>Maquillar los cuerpos<br/><br/>El cuerpo como medio de expresión y como instrumento de trabajo <br/><br/>Modos de relación sintiente<br/><br/>
505 ## - NOTA DE CONTENIDO CON FORMATO
Título Fuera de Dossier
Nota de contenido con formato Teatralidades híbridas y elementos inmateriales en esta propiedad<br/><br/>Antiestética y la función social del caos en los años sesenta<br/><br/>Ilustrados<br/><br/>Indice y cultura digital<br/><br/>Articulo breve/presentación de obra <br/><br/>Convocatoria para la presentación de artículos
505 ## - NOTA DE CONTENIDO CON FORMATO
Título ICONOTOPIA
650 ## - PUNTO DE ACCESO ADICIONAL DE MATERIA--TÉRMINO DE MATERIA
Fuente del encabezamiento o término Tesauro de Arte & Arquitectura
Término de materia o nombre geográfico como elemento de entrada MUSICA
9 (RLIN) 703
650 ## - PUNTO DE ACCESO ADICIONAL DE MATERIA--TÉRMINO DE MATERIA
Fuente del encabezamiento o término Tesauro de Arte & Arquitectura
Término de materia o nombre geográfico como elemento de entrada ARTES ESCENICAS
9 (RLIN) 702
650 ## - PUNTO DE ACCESO ADICIONAL DE MATERIA--TÉRMINO DE MATERIA
Fuente del encabezamiento o término Tesauro de Arte & Arquitectura
Término de materia o nombre geográfico como elemento de entrada ARTES VISUALES
9 (RLIN) 702
650 ## - PUNTO DE ACCESO ADICIONAL DE MATERIA--TÉRMINO DE MATERIA
Fuente del encabezamiento o término Tesauro de Arte & Arquitectura
Término de materia o nombre geográfico como elemento de entrada ICONOGRAFIA
650 ## - PUNTO DE ACCESO ADICIONAL DE MATERIA--TÉRMINO DE MATERIA
Fuente del encabezamiento o término Tesauro de Arte & Arquitectura
Término de materia o nombre geográfico como elemento de entrada EDUCACION
700 ## - ENTRADA AGREGADA--NOMBRE PERSONAL
Nombre de persona Navarreta, Jose Antonio
Término indicativo de función/relación editor
942 ## - ELEMENTOS DE ENTRADA SECUNDARIOS (KOHA)
Fuente del sistema de clasificación o colocación Clasificación Decimal Dewey
Tipo de ítem Koha Libros
Parte de la signatura que corresponde a la clasificación (Parte de la clasificación) 700
Parte de la signatura que identifica el ejemplar (Parte del ítem) S232c
Suprimir en OPAC No
Holdings
Estatus retirado Estado de pérdida Fuente del sistema de clasificación o colocación Especificación de materiales (volumen encuadernado u otra parte) Estado de daño No para préstamo Colección Biblioteca de origen Biblioteca actual Fecha de adquisición Enumeración/cronología de publicación seriada Número de inventario Total de préstamos Signatura topográfica completa Código de barras Visto por última vez Precio de reemplazo Tipo de ítem Koha
    Clasificación Decimal Dewey 10     Revistas Biblioteca LadoV Biblioteca LadoV 08/06/2023 1 002871   700 S232c 002871 08/06/2023 08/06/2023 Libros